00626cam a2200181 a 450000100060000000300080000600500170001400800410003103500180007204000420009004100110013208200270014324501320017026000470030230000280034960000320037770000350040958726BD-RjUL20211209080642.0161219s1955 pk 000 0beng d aBD-RjUL 58850 aMODcMODdm.cdm/cdEUXdBD-RjULbeng0 aengara a297.63bLIF 1955 223 14aThe life of Muhammad :ba translation of Isḥāq's Sīrat rasūl Allāh /cwith an introduction and notes by A. Guillaume. aLondon :b Oxford University Press,c1955  axlvii, 807 p. ;c23 cm.00aMuḥammad,cProphet,d-6321 aGuillaume, Alfred,d1888-1965.